000 00665nam a2200217Ia 4500
003 OSt
005 20250308092454.0
008 210210b1976 xxu||||| |||| 00| 0 eng d
040 _cAL
041 _ahin
082 _aH891.9 VAJK
100 _aVAJAPEYI (Achary Nanddulare)
_9205024
110 _bवाजपेयी आचार्य नांदुलारे
_9205025
245 _aKavi sumitranandan pant:
_bकवी सुमित्रानंदन पंथ
260 _aND
_bMacmillan & Co. Ltd.
_c1976
300 _a104
650 _aSumithranandan panth
_9205026
690 _aHindi Criticism
_9205027
906 _a033795
942 _2ddc
_cBK
999 _c84623
_d84623